Some War-time Lessons The Soldier's Standards of Conduct; The War As a Practical Test of American Scholarship; What Have We Learned?

Saved in:
Bibliographic Details
Main Author: Keppel, Frederick P., 1875-1943 (Frederick Paul)
Format: Electronic eBook
Language:English
Published: Project Gutenberg, 2010
Series:Project Gutenberg 32608
Online Access:http://www.gutenberg.org/etext/32608
Rights
Tags: Add Tag
No Tags, Be the first to tag this record!
Call Number :

MARC

LEADER 00000cam a22000003a 4500
001 71820
003 MY-KLNDU
005 20241219033616.0
008 100530s2010||||xxu|||||s|||||000 | eng d
035 |a (PGUSA)32608 
039 9 |a 202104081239  |b VLOAD  |c 202104051320  |d VLOAD  |y 202104022253  |z VLOAD 
040 |a PGUSA  |b eng 
042 |a dc 
100 1 |a Keppel, Frederick P., 1875-1943  |q (Frederick Paul) 
245 1 0 |a Some War-time Lessons The Soldier's Standards of Conduct; The War As a Practical Test of American Scholarship; What Have We Learned?  |h [electronic resource] /  |c by Frederick P., 1875-1943 Keppel 
260 |b Project Gutenberg,  |c 2010 
500 |a Project Gutenberg 
506 |a Freely available. 
516 |a Electronic text 
599 |a Dummy Record 
830 0 |a Project Gutenberg  |v 32608 
856 4 0 |u http://www.gutenberg.org/etext/32608 
856 4 2 |u http://www.gutenberg.org/license  |3 Rights 
999 |a vtls000083084  |c 71820  |d 71820